Countries by Emojis - Statistics

General Stats
  • This quiz has been taken 131 times
  • The average score is 11 of 15
Answer Stats
Country Answer % Correct
Ja🍳 Japan
93%
📷bodia Cambodia
92%
Ye👨 Yemen
92%
I🏃‍♂️ Iran
90%
🥫ada Canada
89%
🐱ar Qatar
89%
Kiri🦇i Kiribati
87%
🧊🏝️ Iceland
85%
🦠any Germany
75%
👢an Bhutan
74%
Eri🌳 Eritrea
73%
🤖🦢a Botswana
59%
✅ia Czechia
51%
🎀🛬 Thailand
18%
💨a Russia
11%
No matching quizzes found
Score Distribution
Percent of People with Each Score
Percentile by Number Answered
Your Score History
You have not taken this quiz